Регионална библиотека "Любен Каравелов" - Русе

Ортопедична стоматология (Запис номер 60862)

MARC детайли
000 -Лидер
Контролно поле с фиксирана дължина nam a22 a 4500
003 - Код на организацията, давaща контролен номер
Контролно поле BLK
005 - Дата и час на последна редакция
Контролно поле 20211013164031.0
008 - Елементи от данни с фиксирана дължина
fixed length control field 180408b bul|||||r ||||||| ||bul||
010 ## - Наследен системен номер
LC control number KNG00065050000
040 ## - Източник на каталожния запис
Идентификатор на билиотеката - собственик на записа BLK
041 ## - Код за език
Код за езика на текст/звукозапис или на отделно заглавие Български
Код за езика КДБФ Български
080 ## - УДК
Текстов определител УДК Стоматология. Болести на устната кухина
УДК код - определител по УДК 616.31
УДК определител (075.8)
УДК - код + определител 616.31(075.8)
080 ## - УДК
Текстов определител УДК Хирургия на отделни области на човешкото тяло. Специална хирургия
УДК код - определител по УДК 617.5
УДК определител (075.8)
УДК - код + определител 617.5(075.8)
100 1# - Редна дума - Автор
Автор Боянов, Боян Костов
Авторска отговорност първи автор
R(LIN) 290235
139 ## - Редно поле
Редна дума Боянов, Боян Костов
Авторски знак Боян - Б 74
245 10 - Сведения за заглавието
Заглавие Ортопедична стоматология
Подзаглавни данни Ч. 1 - За том: Учебник за студентите от Стоматол. фак.
Редно поле (дума) Боян Костов Боянов.
Том Ч. 2
Заглавие на том Клинична част
250 ## - Област на изданието
Сведения за изданието 2. изд.
257 ## - Страна на издаване
Страна на създаване/издаване България
260 ## - Област на издателските данни
Място на издаване, разпространение и проч. София
Име на издателя, разпространителя и проч. Медицина и физкултура
Година на издаване 1968
300 ## - Физическа характеристика
Размери/Мащаб 24 см
380 ## - Жанр
Жанр Медицина
650 #4 - Допълнително описание по предмет – тема
Основно описание – тема или топоним Стоматология, ортопедична
9 (RLIN) 286510
653 ## - Ключова дума – ненормативна
Ключова дума ортопедична стоматология
653 ## - Ключова дума – ненормативна
Ключова дума учебници за ВУЗ
760 1# - Описание на основната серия
Редна дума на основното описание Боянов, Боян Костов
Издание 2. изд.
Място на издаване, издател и година 1968
Страници - том 396 с. : с ил.
Забележка - том 1. изд. 1953 със загл. Четени през 1950/51 г. и 1951/52 г.
Заглавие Ч. 2 Клинична част
852 ## - Местоположение
Форматна сигнатура Цб 6771
Фондова буква Хранилище
856 4# - Електронен адрес и достъп
Електронен формат pdf - файл
856 4# - Електронен адрес и достъп
Електронен формат pdf - файл
999 ## - СИСТЕМНИ КОНТРОЛНИ НОМЕРА
Koha biblionumber 60862
Koha biblioitemnumber 60862
942 ## - АРТИКУЛИ
Вид на библиотечния материал Книги
Скрит в OPAC Не
Периодичен библиозапис Да
944 ## - СЪЗДАВАНЕ И РЕДАКЦИЯ на ЗАПИСА
Създаване/Редакция Създаване
Дата на регистрацията/редакция 13.06.2004
Служител, извършил регистрацията/редакцията Геновева_Генчева
944 ## - СЪЗДАВАНЕ И РЕДАКЦИЯ на ЗАПИСА
Създаване/Редакция Редакция
Дата на регистрацията/редакция 2021-10-13
Служител, извършил регистрацията/редакцията К.Д.
Статус, дата на статуса 2021-10-13
999 ## - СИСТЕМНИ КОНТРОЛНИ НОМЕРА
Koha biblioitemnumber 60862
Наличности
Код за отписване Код за изгубен артикул Източник на класификационната схема Код за повреда Коз за рестрикции Код за отдаване Артикулен № Име на библиотеката - собственик Име на библиотеката, в която се намира в момента Статус (Текущо местоположение) Дата на вписване в системата Местоположение - отдел Цена в лева Инвентарен номер Систематично азбучна сигнатура Баркод Номер на екземпляра Цена в евро Служебна бележка Служебен тип на артикула
Изтеглен Не е изгубен Universal Decimal Classification Не е повреден без рестрикции ползва се в читалня 100252 Регионална библиотека "Любен Каравелов" Русе Регионална библиотека "Любен Каравелов" Русе Читалня 1993-01-01 Читалня 2.10 48284 Ч 616.1/.4/Б 74 48284 1 1.07 Дата инв: 20.03.2017 Бележки инв: Ч2017 Книги
  Не е изгубен Universal Decimal Classification Не е повреден само за читалня ползва се в читалня 100253 Регионална библиотека "Любен Каравелов" Русе Регионална библиотека "Любен Каравелов" Русе Хранилище 1968-01-01 Хранилище 2.10 45582 Цб 6771 120000045582 2 1.07 Дост: Dp Вид: Д N: стар фонд Дата: 01.01.1968 Книги
Vip Innovations Ltd, Rousse, Bulgaria 2025